Uterine artery and subendometrial blood flow assessment in recurrent unexplained first trimesteric abortion / (رقم التسجيلة. 45316)

تفاصيل مارك
000 -LEADER
fixed length control field 01780cam a2200349 a 4500
003 - CONTROL NUMBER IDENTIFIER
control field EG-GiCUC
005 - DATE AND TIME OF LATEST TRANSACTION
control field 20250223030940.0
008 - FIXED-LENGTH DATA ELEMENTS--GENERAL INFORMATION
fixed length control field 140310s2013 ua dh f m 000 0 eng d
040 ## - CATALOGING SOURCE
Original cataloging agency EG-GiCUC
Language of cataloging eng
Transcribing agency EG-GiCUC
041 0# - LANGUAGE CODE
Language code of text/sound track or separate title eng
049 ## - LOCAL HOLDINGS (OCLC)
Holding library Deposite
097 ## - Thesis Degree
Thesis Level Ph.D
099 ## - LOCAL FREE-TEXT CALL NUMBER (OCLC)
Classification number Cai01.11.15.Ph.D.2013.Ma.U
100 0# - MAIN ENTRY--PERSONAL NAME
Personal name Marwa Fouad Saad Mohamed Sharaf
245 10 - TITLE STATEMENT
Title Uterine artery and subendometrial blood flow assessment in recurrent unexplained first trimesteric abortion /
Statement of responsibility, etc. Marwa Fouad Saad Mohamed Sharaf ; Supervised Shamel Moustafa Hefny , Hala Fathi Sheba , Ahmed Taher Hashem
246 15 - VARYING FORM OF TITLE
Title proper/short title تقييم سريان الدم فى ما تحت بطانه الرحم والشريان الرحمى فى حالات الاجهاض المتكرر غير المبرر فى الاشهر الاولى للحمل
260 ## - PUBLICATION, DISTRIBUTION, ETC.
Place of publication, distribution, etc. Cairo :
Name of publisher, distributor, etc. Marwa Fouad Saad Mohamed Sharaf ,
Date of publication, distribution, etc. 2013
300 ## - PHYSICAL DESCRIPTION
Extent 161 P. :
Other physical details charts , facsimiles ;
Dimensions 25cm
502 ## - DISSERTATION NOTE
Dissertation note Thesis (Ph.D.) - Cairo University - Faculty of Medicine - Department of Gynecology and Obstetrics
520 ## - SUMMARY, ETC.
Summary, etc. Unexplained recurrent miscarriage remains a frustrating problem for the clinician and a distressing condition for the affected couple. Our study was performed at performed Kasr Elaini maternity hospital outpatient clinic in which were classified into two groups
530 ## - ADDITIONAL PHYSICAL FORM AVAILABLE NOTE
Additional physical form available note Issued also as CD
653 #4 - INDEX TERM--UNCONTROLLED
Uncontrolled term Recurrent pregancy loss
653 #4 - INDEX TERM--UNCONTROLLED
Uncontrolled term Subendometrial blood flow by VOCAL
653 #4 - INDEX TERM--UNCONTROLLED
Uncontrolled term Uterine artery doppler
700 0# - ADDED ENTRY--PERSONAL NAME
Personal name Ahmed Taher Hashem ,
Relator term
700 0# - ADDED ENTRY--PERSONAL NAME
Personal name Hala Fathi Sheba ,
Relator term
700 0# - ADDED ENTRY--PERSONAL NAME
Personal name Shamel Moustafa Hefny ,
Relator term
856 ## - ELECTRONIC LOCATION AND ACCESS
Uniform Resource Identifier <a href="http://172.23.153.220/th.pdf">http://172.23.153.220/th.pdf</a>
905 ## - LOCAL DATA ELEMENT E, LDE (RLIN)
Cataloger Nazla
Reviser Revisor
905 ## - LOCAL DATA ELEMENT E, LDE (RLIN)
Cataloger Soheir
Reviser Cataloger
942 ## - ADDED ENTRY ELEMENTS (KOHA)
Source of classification or shelving scheme Dewey Decimal Classification
Koha item type Thesis
المقتنيات
Source of classification or shelving scheme Not for loan Home library Current library Date acquired Full call number Barcode Date last seen Koha item type Copy number
Dewey Decimal Classification   المكتبة المركزبة الجديدة - جامعة القاهرة قاعة الرسائل الجامعية - الدور الاول 11.02.2024 Cai01.11.15.Ph.D.2013.Ma.U 01010110062145000 22.09.2023 Thesis  
Dewey Decimal Classification   المكتبة المركزبة الجديدة - جامعة القاهرة مخـــزن الرســائل الجـــامعية - البدروم 11.02.2024 Cai01.11.15.Ph.D.2013.Ma.U 01020110062145000 22.09.2023 CD - Rom 62145.CD
Cairo University Libraries Portal Implemented & Customized by: Eng. M. Mohamady Contacts: new-lib@cl.cu.edu.eg | cnul@cl.cu.edu.eg
CUCL logo CNUL logo
© All rights reserved — Cairo University Libraries
CUCL logo
Implemented & Customized by: Eng. M. Mohamady Contact: new-lib@cl.cu.edu.eg © All rights reserved — New Central Library
CNUL logo
Implemented & Customized by: Eng. M. Mohamady Contact: cnul@cl.cu.edu.eg © All rights reserved — Cairo National University Library